| 000 | 00742nam a2200265Ia 4500 | ||
|---|---|---|---|
| 001 | Z_1403 | ||
| 003 | CHAP | ||
| 008 | 220113s1982 xx 000 0 und d | ||
| 010 | _a164492 | ||
| 040 | _cCHAP | ||
| 090 | _aTesis N 693 | ||
| 100 |
_aNelson, Mark Loge _980792 |
||
| 245 |
_aProtein supplementation of ammoniated roughages / _cby Mark Loge Nelson |
||
| 260 |
_aLincoln, Nebraska : _bThe author, _c1982 |
||
| 300 | _a168 h | ||
| 502 | _aThesis (Doctor of Philosophy) -- University of Nebraska. Department of Animal Science | ||
| 650 |
_aForrajes toscos _942612 |
||
| 650 |
_aProteĆnas en nutrición animal _992454 |
||
| 901 | _aTESIS N 693 | ||
| 902 | _aM | ||
| 910 | _a1982 | ||
| 942 | _c2 | ||
| 942 | _c2 | ||
| 999 |
_c164492 _d164492 |
||